Sight to City: North America #2 [pic] - Statistics

General Stats
  • This quiz has been taken 10 times
  • The average score is 5 of 16
Answer Stats
Picture Hint Answer % Correct
World of Coca-Cola Atlanta
80%
Cloud Gate / "The Bean" Chicago
70%
Nevada Museum of Art Reno
70%
Lyndon B. Johnson Space Center Houston
60%
Nevada State Capitol Carson City
50%
Missouri State Capitol Jefferson City
50%
Saddledome Calgary
40%
Donald W. Reynolds Razorback Stadium Fayetteville
30%
Francisco "Pancho" Villa Museum Chihuahua
10%
Peterson Space Force Base Colorado Springs
10%
Old Globe Theatre, Balboa Park San Diego
10%
Nagle Warren Mansion / _ YWCA Building Cheyenne
0%
Golden State Theatre Monterey
0%
Faro del Comercio / "Lighthouse of Commerce" Monterrey
0%
Fronton Zazpiak Bat arena Saint-Pierre
0%
The Hoito Restaurant Thunder Bay
0%
No matching quizzes found
Score Distribution
Percent of People with Each Score
Percentile by Number Answered
Your Score History
You have not taken this quiz